Navrhovanie experimentov využité v stratégii šesť sigma habilitačná práca : študijný program 5.2.55 Metrológia

Uložené v:
Podrobná bibliografia
Hlavný autor: Horníková, Adriana
Korporativný autor: Slovenská technická univerzita v Bratislave. Strojnícka fakulta
Médium: Kniha
Jazyk:Slovak
Vydavateľské údaje: Bratislava 2011
Predmet:
Tagy: Pridať tag
Žiadne tagy, Buďte prvý, kto otaguje tento záznam!

MARC

LEADER 00000nam a2200000 4500
001 0146900
005 20240502072644.0
041 0 |a slo 
044 |a SK 
245 1 0 |a Navrhovanie experimentov využité v stratégii šesť sigma  |b habilitačná práca : študijný program 5.2.55 Metrológia  |c Adriana Horníková 
264 1 |a Bratislava  |c 2011 
300 |a 84 s. 
610 2 0 |a riadenie kvality 
610 2 0 |a metrológia 
610 2 0 |a štatistika 
610 2 0 |a životnosť výrobkov 
610 2 0 |a certifikácia 
610 2 0 |a spotrebitelia 
100 1 |a Horníková, Adriana 
710 2 |a Slovenská technická univerzita v Bratislave. Strojnícka fakulta